000 00512cam a2200145 4500500
005 20251228090855.0
041 _afre
042 _adc
100 1 0 _aHaye, François
_eauthor
245 0 0 _a100e représentation de la pièce Péguy le Visionnaire
260 _c2019.
500 _a38
786 0 _nBulletin de l’Amitié Charles Péguy | 165 | 1 | 2019-04-24 | p. 66-66 | 0180-8567
856 4 1 _uhttps://shs.cairn.info/revue-bulletin-de-lamitie-charles-peguy-2019-1-page-66?lang=fr&redirect-ssocas=7080
999 _c1602820
_d1602820